02545nam2a22002531 4500001001500000005001700015035002600032100004100058101000800099102000700107105001800114200028900132210000900421215001100430423031200441423042100753461069801174540025101872700008102123801001802204801002202222801002702244852002002271v19\rc\202130920251118181432.7 a(NLR Aleph) 005101623 a20080925d1916 u y0rusy50 ca0 arus aRU ay z |||||1 a[Крымская санаторно-курортная организация Земского и Городского союзов, желательная ее конструкция и дальнейшее усовершенствованиеf[Соч.] А.Н. Меркулова d1916 a73 с. 011010#$arus12001#$aИз деятельности Ялтинского уездного комитета Всероссийского земского союзаtИз деятельности Ялтинского уездного комитета Всероссийского земского союза 011010#$arus12001#$aОтчет по обследованию кумысолечебных заведений Городского и Земского союзов в 1916 г.$f[Соч.] А.Н. Рубеля]1700#1$aРубель$bА.Н.tОтчет по обследованию кумысолечебных заведений Городского и Земского союзов в 1916 г.aРубель, А.Н. 01001v19\rc\202130612001#$aМатериалы по организации санаторно-курортного лечения больных и раненых воинов$eВып. 1-$fОбъед. санатор.-курорт. комис. при Гл. ком. зем. и гор. союза$vВып. 3aВсероссийский земский союз. Главный ком.cМоскваd[1916]-[1917]fОбъед. санатор.-курорт. комис. при Гл. ком. зем. и гор. союзаoВып. 1-tМатериалы по организации санаторно-курортного лечения больных и раненых воиновvВып. 31 aКрымская санаторно-курортная организация Земского и Городского союзов, желательная ее конструкция и дальнейшее усовершенствование 1aМеркуловbА.Н.f1869-1923gАлександр Николаевич 0aRUbNLRgpsbo 0aRUbRuMoRGB2psbo 1aRUbProSoft-M2rusmarc aNLRj37.77.2.24